Performance funding for higher education (Record no. 153159)
[ view plain ]
| 000 -LEADER | |
|---|---|
| fixed length control field | 01324nam a2200313Ia 4500 |
| 100 1# - MAIN ENTRY--AUTHOR NAME | |
| Personal name | Dougherty, Kevin James. |
| 245 10 - TITLE STATEMENT | |
| Title | Performance funding for higher education |
| 260 ## - PUBLICATION, DISTRIBUTION, ETC. (IMPRINT) | |
| Place of publication | Hoboken, NJ : |
| Name of publisher | Wiley, |
| Year of publication | c2013. |
| 300 ## - PHYSICAL DESCRIPTION | |
| Number of Pages | xv, 134 p. |
| 490 0# - SERIES STATEMENT | |
| Series statement | ASHE higher education report ; |
| 650 #0 - SUBJECT ADDED ENTRY--TOPICAL TERM | |
| Topical Term | State universities and colleges |
| Topical Term | Education, Higher |
| 700 1# - ADDED ENTRY--PERSONAL NAME | |
| Personal name | Reddy, Vikash. |
| 856 40 - ELECTRONIC LOCATION AND ACCESS | |
| Uniform Resource Identifier | http://site.ebrary.com/lib/rucke/Doc?id=10726744 |
No items available.
